Commission adopts system to manage animal movements (Record no. 117226)

MARC details
000 -LEADER
fixed length control field 01202cam a2200265 4500
001 - CONTROL NUMBER
control field WB4015-18
008 - FIXED-LENGTH DATA ELEMENTS--GENERAL INFORMATION
fixed length control field 040421n2004 000 0 eng u
035 ## - SYSTEM CONTROL NUMBER
System control number (Sirsi) u125903
245 ## - TITLE STATEMENT
Title Commission adopts system to manage animal movements
260 ## - PUBLICATION, DISTRIBUTION, ETC.
Date of publication, distribution, etc. 2004
490 ## - SERIES STATEMENT
Series statement RICS Brussels Briefing
Volume/sequential designation 19 April 2004 1(1)
520 ## - SUMMARY, ETC.
Summary, etc. The EC has just introduced the Trade Control and Expert System (TRACES), a new central database to track the movements of animals both from outside and within the EU. TRACES aims to consolidate and simplify existing systems and create better tools for managing animal disease outbreaks. The database will facilitate tracking the 50 000 animals transported in the EU each day. Brussels Briefing is available at http://www.rics.org/ricscms/bin/show?class=Brief&t emplate=/includes/showbrief.html&id=595.
590 ## - LOCAL NOTE (RLIN)
Local note WB
590 ## - LOCAL NOTE (RLIN)
Local note WB
650 ## - SUBJECT ADDED ENTRY--TOPICAL TERM
Topical term or geographic name entry element ANIMAL DISEASES
650 ## - SUBJECT ADDED ENTRY--TOPICAL TERM
Topical term or geographic name entry element ANIMAL IDENTIFICATION
650 ## - SUBJECT ADDED ENTRY--TOPICAL TERM
Topical term or geographic name entry element MOVEMENT OF ANIMALS
650 ## - SUBJECT ADDED ENTRY--TOPICAL TERM
Topical term or geographic name entry element EUROPEAN UNION
650 ## - SUBJECT ADDED ENTRY--TOPICAL TERM
Topical term or geographic name entry element EUROPEAN COMMISSION
650 ## - SUBJECT ADDED ENTRY--TOPICAL TERM
Topical term or geographic name entry element TRADE CONTROL AND EXPERT SYSTEM
650 ## - SUBJECT ADDED ENTRY--TOPICAL TERM
Topical term or geographic name entry element TRACES
650 ## - SUBJECT ADDED ENTRY--TOPICAL TERM
Topical term or geographic name entry element ANIMAL DATABASE
690 ## - LOCAL SUBJECT ADDED ENTRY--TOPICAL TERM (OCLC, RLIN)
Topical term or geographic name as entry element INFORMATION TECHNOLOGY
942 ## - ADDED ENTRY ELEMENTS (KOHA)
Suppress in OPAC 0
Holdings
Withdrawn status Lost status Source of classification or shelving scheme Damaged status Not for loan Home library Current library Shelving location Date acquired Total Checkouts Full call number Barcode Date last seen Copy number Price effective from Koha item type
    Dewey Decimal Classification     London London News article 21/04/2004   WB4015-18 125903-1001 06/08/2019 1 06/08/2019 News article